MARC details
| 000 -LEADER |
| fixed length control field |
03371cam a2200757 i 4500 |
| 001 - CONTROL NUMBER |
| control field |
4131 |
| 003 - CONTROL NUMBER IDENTIFIER |
| control field |
FISKH |
| 005 - DATE AND TIME OF LATEST TRANSACTION |
| control field |
20240607161252.0 |
| 008 - FIXED-LENGTH DATA ELEMENTS--GENERAL INFORMATION |
| fixed length control field |
210608t20202020nyu d 000 1 eng d |
| 010 ## - LIBRARY OF CONGRESS CONTROL NUMBER |
| LC control number |
2021285326 |
| 020 ## - INTERNATIONAL STANDARD BOOK NUMBER |
| International Standard Book Number |
9780062676429 |
| Qualifying information |
(hardcover) |
| 020 ## - INTERNATIONAL STANDARD BOOK NUMBER |
| International Standard Book Number |
9780062676436 |
| 020 ## - INTERNATIONAL STANDARD BOOK NUMBER |
| International Standard Book Number |
0062676423 |
| Qualifying information |
(hardcover) |
| 020 ## - INTERNATIONAL STANDARD BOOK NUMBER |
| Canceled/invalid ISBN |
9780062995988 |
| Qualifying information |
(intl edition) |
| 035 ## - SYSTEM CONTROL NUMBER |
| System control number |
(OCoLC)on1107340142 |
| 040 ## - CATALOGING SOURCE |
| Original cataloging agency |
YDX |
| Language of cataloging |
eng |
| Description conventions |
rda |
| Transcribing agency |
YDX |
| Modifying agency |
BDX |
| -- |
DYJ |
| -- |
NZLEP |
| -- |
JUH |
| -- |
W8A |
| -- |
OCLCF |
| -- |
CNCAR |
| -- |
OCLCO |
| -- |
GO6 |
| -- |
TXSCH |
| -- |
YU6 |
| -- |
OCLCO |
| -- |
EHH |
| -- |
VP@ |
| -- |
OCO |
| -- |
TCH |
| -- |
OCL |
| -- |
DZM |
| -- |
DLC |
| 042 ## - AUTHENTICATION CODE |
| Authentication code |
lccopycat |
| 050 00 - LIBRARY OF CONGRESS CALL NUMBER |
| Classification number |
PZ7.M2695 |
| 082 04 - DEWEY DECIMAL CLASSIFICATION NUMBER |
| Classification number |
813.6 |
| 100 1# - MAIN ENTRY--PERSONAL NAME |
| Personal name |
Mafi, Tahereh, |
| 245 10 - TITLE STATEMENT |
| Title |
Imagine me / |
| Statement of responsibility, etc. |
Tahereh Mafi. |
| 250 ## - EDITION STATEMENT |
| Edition statement |
First paperback edition, 2021 |
| 260 ## - PUBLICATION, DISTRIBUTION, ETC. |
| Place of publication, distribution, etc. |
New York : |
| Name of publisher, distributor, etc. |
Harper, |
| Date of publication, distribution, etc. |
2020 |
| 300 ## - PHYSICAL DESCRIPTION |
| Extent |
450, 16 pages : |
| Dimensions |
21 cm. |
| 336 ## - CONTENT TYPE |
| Content type term |
text |
| Content type code |
txt |
| Source |
rdacontent |
| 337 ## - MEDIA TYPE |
| Media type term |
unmediated |
| Media type code |
n |
| Source |
rdamedia |
| 338 ## - CARRIER TYPE |
| Carrier type term |
volume |
| Carrier type code |
nc |
| Source |
rdacarrier |
| 490 ## - SERIES STATEMENT |
| Series statement |
Shatter Me |
| Volume/sequential designation |
Book 6 |
| 520 ## - SUMMARY, ETC. |
| Summary, etc. |
The explosive finale to the New York Times and USA Today bestselling Shatter Me series. Juliette Ferrars. Ella Sommers. Which is the truth and which is the lie? Now that Ella knows who Juliette is and what she was created for, things have only become more complicated. As she struggles to understand the past that haunts her and looks to a future more uncertain than ever, the lines between right and wrong -- between Ella and Juliette -- blur. And with old enemies looming, her destiny may not be her own to control. The day of reckoning for the Reestablishment is coming. But she may not get to choose what side she fights on. |
| 650 #0 - SUBJECT ADDED ENTRY--TOPICAL TERM |
| Topical term or geographic name entry element |
Ability |
| Form subdivision |
Fiction. |
| 650 #0 - SUBJECT ADDED ENTRY--TOPICAL TERM |
| Topical term or geographic name entry element |
Soldiers |
| Form subdivision |
Fiction. |
| 650 #0 - SUBJECT ADDED ENTRY--TOPICAL TERM |
| Topical term or geographic name entry element |
Dictatorship |
| Form subdivision |
Fiction. |
| 650 #0 - SUBJECT ADDED ENTRY--TOPICAL TERM |
| Topical term or geographic name entry element |
Government, Resistance to |
| Form subdivision |
Fiction. |
| 650 #1 - SUBJECT ADDED ENTRY--TOPICAL TERM |
| Topical term or geographic name entry element |
Ability |
| Form subdivision |
Fiction. |
| 650 #1 - SUBJECT ADDED ENTRY--TOPICAL TERM |
| Topical term or geographic name entry element |
Soldiers |
| Form subdivision |
Fiction. |
| 650 #1 - SUBJECT ADDED ENTRY--TOPICAL TERM |
| Topical term or geographic name entry element |
Government, Resistance to |
| Form subdivision |
Fiction. |
| 650 #1 - SUBJECT ADDED ENTRY--TOPICAL TERM |
| Topical term or geographic name entry element |
Young adult fiction. |
| 650 #7 - SUBJECT ADDED ENTRY--TOPICAL TERM |
| Topical term or geographic name entry element |
YOUNG ADULT FICTION / Dystopian. |
| Source of heading or term |
bisacsh |
| 650 #7 - SUBJECT ADDED ENTRY--TOPICAL TERM |
| Topical term or geographic name entry element |
YOUNG ADULT FICTION / Science Fiction / General. |
| Source of heading or term |
bisacsh |
| 650 #7 - SUBJECT ADDED ENTRY--TOPICAL TERM |
| Topical term or geographic name entry element |
YOUNG ADULT FICTION / Romance / Paranormal. |
| Source of heading or term |
bisacsh |
| 650 #7 - SUBJECT ADDED ENTRY--TOPICAL TERM |
| Topical term or geographic name entry element |
Ability. |
| Source of heading or term |
fast |
| Authority record control number or standard number |
(OCoLC)fst00794400 |
| 650 #7 - SUBJECT ADDED ENTRY--TOPICAL TERM |
| Topical term or geographic name entry element |
Dictatorship. |
| Source of heading or term |
fast |
| Authority record control number or standard number |
(OCoLC)fst00892878 |
| 650 #7 - SUBJECT ADDED ENTRY--TOPICAL TERM |
| Topical term or geographic name entry element |
Government, Resistance to. |
| Source of heading or term |
fast |
| Authority record control number or standard number |
(OCoLC)fst00945663 |
| 650 #7 - SUBJECT ADDED ENTRY--TOPICAL TERM |
| Topical term or geographic name entry element |
Soldiers. |
| Source of heading or term |
fast |
| Authority record control number or standard number |
(OCoLC)fst01125233 |
| 650 #7 - SUBJECT ADDED ENTRY--TOPICAL TERM |
| Topical term or geographic name entry element |
Ability |
| Form subdivision |
Juvenile fiction. |
| Source of heading or term |
sears |
| 650 #7 - SUBJECT ADDED ENTRY--TOPICAL TERM |
| Topical term or geographic name entry element |
Soldiers |
| Form subdivision |
Juvenile fiction. |
| Source of heading or term |
sears |
| 650 #7 - SUBJECT ADDED ENTRY--TOPICAL TERM |
| Topical term or geographic name entry element |
Dictatorship |
| Form subdivision |
Juvenile fiction. |
| Source of heading or term |
sears |
| 650 #7 - SUBJECT ADDED ENTRY--TOPICAL TERM |
| Topical term or geographic name entry element |
Resistance to government |
| Form subdivision |
Juvenile fiction. |
| Source of heading or term |
sears |
| 650 #7 - SUBJECT ADDED ENTRY--TOPICAL TERM |
| Topical term or geographic name entry element |
Ability |
| Form subdivision |
Fiction. |
| Source of heading or term |
sears |
| 650 #7 - SUBJECT ADDED ENTRY--TOPICAL TERM |
| Topical term or geographic name entry element |
Soldiers |
| Form subdivision |
Fiction. |
| Source of heading or term |
sears |
| 650 #7 - SUBJECT ADDED ENTRY--TOPICAL TERM |
| Topical term or geographic name entry element |
Dictatorship |
| Form subdivision |
Fiction. |
| Source of heading or term |
sears |
| 650 #7 - SUBJECT ADDED ENTRY--TOPICAL TERM |
| Topical term or geographic name entry element |
Resistance to government |
| Form subdivision |
Fiction. |
| Source of heading or term |
sears |
| 655 #0 - INDEX TERM--GENRE/FORM |
| Genre/form data or focus term |
Young adult fiction. |
| 655 #7 - INDEX TERM--GENRE/FORM |
| Genre/form data or focus term |
Young adult works. |
| Source of term |
fast |
| Authority record control number or standard number |
(OCoLC)fst01726790 |
| 655 #7 - INDEX TERM--GENRE/FORM |
| Genre/form data or focus term |
Dystopian fiction. |
| Source of term |
fast |
| Authority record control number or standard number |
(OCoLC)fst01921637 |
| 655 #7 - INDEX TERM--GENRE/FORM |
| Genre/form data or focus term |
Fantasy fiction. |
| Source of term |
fast |
| Authority record control number or standard number |
(OCoLC)fst01726607 |
| 655 #7 - INDEX TERM--GENRE/FORM |
| Genre/form data or focus term |
Fiction. |
| Source of term |
fast |
| Authority record control number or standard number |
(OCoLC)fst01423787 |
| 655 #7 - INDEX TERM--GENRE/FORM |
| Genre/form data or focus term |
Science fiction. |
| Source of term |
fast |
| Authority record control number or standard number |
(OCoLC)fst01726489 |
| 655 #7 - INDEX TERM--GENRE/FORM |
| Genre/form data or focus term |
Young adult fiction. |
| Source of term |
gsafd |
| 655 #7 - INDEX TERM--GENRE/FORM |
| Genre/form data or focus term |
Science fiction. |
| Source of term |
lcgft |
| 655 #7 - INDEX TERM--GENRE/FORM |
| Genre/form data or focus term |
Fantasy fiction. |
| Source of term |
lcgft |
| 655 #7 - INDEX TERM--GENRE/FORM |
| Genre/form data or focus term |
Dystopian fiction. |
| Source of term |
lcgft |
| 906 ## - LOCAL DATA ELEMENT F, LDF (RLIN) |
| a |
7 |
| b |
cbc |
| c |
copycat |
| d |
2 |
| e |
ncip |
| f |
20 |
| g |
y-gencatlg |
| 942 ## - ADDED ENTRY ELEMENTS (KOHA) |
| Source of classification or shelving scheme |
Dewey Decimal Classification |
| Koha item type |
Books |
| Suppress in OPAC |
No |